| 000 | 02749cam a22003978i 4500 | ||
|---|---|---|---|
| 001 | 22645012 | ||
| 003 | OSt | ||
| 005 | 20230921131614.0 | ||
| 008 | 220610s2023 enk b 001 0 eng | ||
| 010 | _a 2022025267 | ||
| 020 |
_a9780367563158 _q(hardback) |
||
| 020 |
_a9781032380223 _q(paperback) |
||
| 020 |
_z9781003097709 _q(ebook) |
||
| 040 |
_aDLC _beng _erda _cDLC |
||
| 042 | _apcc | ||
| 050 | 0 | 0 |
_aBL1243.74 _b.R68 2023 |
| 082 | 0 | 0 |
_a294.535 _bRAY/R |
| 245 | 0 | 4 |
_aThe Routledge handbook of Hindu temples : _bmateriality, social history and practice / _cedited by Himanshu Prabha Ray, Salila Kulshreshtha and Uthara Suvrathan. |
| 263 | _a2210 | ||
| 264 | 1 |
_aAbingdon, Oxon : _bRoutledge, _c2023. |
|
| 300 | _a496 pages | ||
| 336 |
_atext _btxt _2rdacontent |
||
| 337 |
_aunmediated _bn _2rdamedia |
||
| 338 |
_avolume _bnc _2rdacarrier |
||
| 504 | _aIncludes bibliographical references and index. | ||
| 505 | 0 | _aThe temple and royalty -- Temple rituals -- Temple as social space -- Temple landscapes -- The temple and beyond -- The colonial interlude. | |
| 520 |
_a"This handbook is a comprehensive study of the archaeology, social history, and the cultural landscape of the Hindu temple. Perhaps the most recognizable of the material forms of Hinduism, temples are lived, dynamic spaces that are significant sites of the creation of cultural heritage, both in the past and the present. Drawing on historiographical surveys and in-depth case studies, the volume centres the material form of the Hindu temple as an entry point to study its many adaptations and transformations from the early centuries CE to the 20th century. It highlights the vibrancy and dynamism of the shrine in different locales and studies the active participation of the community for its establishment, maintenance, and survival. The illustrated handbook takes a unique approach by focusing on the social base of the temple rather than its aesthetics or chronological linear development. It fills a significant gap in the study of Hinduism and will be an indispensable resource for scholars of archaeology, Hinduism, Indian history, religious studies, museum studies, South Asian history, and Southeast Asian history"-- _cProvided by publisher. |
||
| 650 | 0 | _aHindu temples. | |
| 700 | 1 |
_aRay, Himanshu Prabha, _eeditor. |
|
| 700 | 1 |
_aKulshreshtha, Salila, _eeditor. |
|
| 700 | 1 |
_aSuvrathan, Uthara, _eeditor. |
|
| 776 | 0 | 8 |
_iOnline version: _tRoutledge handbook of Hindu temples _dAbingdon, Oxon : Routledge, 2023 _z9781003097709 _w(DLC) 2022025268 |
| 906 |
_a7 _bcbc _corignew _d1 _eecip _f20 _gy-gencatlg |
||
| 942 |
_2ddc _cBK _h294.535 _iRAY/R _k294.535 _mRAY/R |
||
| 999 |
_c42234 _d42234 |
||